Problemas históricos de la conquista de Chile
Furkejuvvon:
| Váldodahkki: | |
|---|---|
| Materiálatiipa: | Girji |
| Giella: | espánnjágiella |
| Almmustuhtton: |
Santiago
Imprenta, Litografía i Encuadernación Barcelona
1902
|
| Preanttus: | 1a. ed |
| Fáttát: | |
| Fáddágilkorat: |
Lasit fáddágilkoriid
Eai fáddágilkorat, Lasit vuosttaš fáddágilkora!
|
MARC
| LEADER | 00000nam a2200000 a 4500 | ||
|---|---|---|---|
| 001 | UCJ5316 | ||
| 003 | CL-VaPUC | ||
| 008 | 070124e19020000CL |||||||||||||||||spa|d | ||
| 082 | 0 | 4 | |a 983 |b SAN |2 21 |
| 100 | 0 | |a Santa Cruz, Joaquín |e author |9 510383 | |
| 245 | 1 | 0 | |a Problemas históricos de la conquista de Chile |
| 250 | |a 1a. ed | ||
| 300 | |a 22 p | ||
| 942 | |c BK | ||
| 945 | |d 20070124 00:00:00 |a rinostro | ||
| 260 | |a Santiago |b Imprenta, Litografía i Encuadernación Barcelona |c 1902 | ||
| 600 | 0 | 7 | |a VALDIVIA, PEDRO DE |2 CL-VaPUC |9 317024 |
| 650 | 0 | |a Conquista |9 339504 | |
| 650 | 7 | |a DOCUMENTOS |2 CL-VaPUC |9 366450 | |
| 650 | 0 | |a Historia de Chile |9 265473 | |
| 583 | |a last modification |c 20070124 00:00:00 |k Rodrigo Vera | ||
| 999 | |c 321426 |d 321424 | ||
| 952 | |0 0 |1 0 |4 0 |6 983_000000000000000_SAN_1902 |7 0 |8 X |9 400157 |a FDOBUD |b FDOBUD |d 2019-11-22 |i 1032836 |o 983 SAN 1902 |p 1032836 |r 2019-11-22 |w 2019-11-22 |y BK_X |k BUD | ||